000 00446nam a2200169 a 4500
005 20140310183436.0
008 080415s19uu xx 00 eng d
020 _a0733550193
050 _aPS 9993
_b.C724 2003
100 _aColter, Cara
245 _aIndulgence pack :
_bwhat a woman should know /
260 _aAustralia :
_bMills & Boon,
_c2003.
300 _a248 p. :
_c18 cm.
650 _aFiction.
942 _cBK
_2lcc
999 _c22903
_d22903